Pair the Landmark With the Country! - Statistics

General Stats
  • This quiz has been taken 22 times
  • The average score is 23 of 30
Answer Stats
Hint Answer % Correct
Uluru / Ayers Rock Australia
100%
CN Tower Canada
94%
Great Pyramids Egypt
94%
Louvre Museum France
94%
Brandenburg Gate Germany
94%
Acropolis Greece
94%
Taj Mahal India
94%
Colosseum Italy
94%
Mount Fuji Japan
94%
Big Ben United Kingdom
94%
Empire State Building United States
94%
Christ the Redeemer Statue Brazil
89%
Sagrada Familia Spain
89%
Chichen Itza Mexico
83%
Van Gogh Museum Netherlands
83%
Burj Khalifa United Arab Emirates
83%
Angkor Wat Cambodia
78%
Petra Jordan
78%
St. Basil's Cathedral Russia
78%
Petronas Towers Malaysia
72%
Matterhorn Switzerland
72%
Charles Bridge Czech Republic
67%
Suomenlinna Finland
67%
Table Mountain South Africa
67%
Milford Sound New Zealand
61%
Ha Long Bay Vietnam
61%
Pena Palace Portugal
39%
Obelisco Argentina
33%
Tikal Guatemala
33%
Lake Bled Slovenia
28%
No matching quizzes found
Score Distribution
Percent of People with Each Score
Percentile by Number Answered
Your Score History
You have not taken this quiz